Les personnalités nées dans la Sarthe par images - Statistiques

Statistiques générales
  • Ce quiz a été pris 103 fois
  • Le résultat moyen est 4 sur 14
Statistiques - réponses
Par images Réponse % Correct
François Fillon
95%
Jo-Wilfried Tsonga
90%
Emmanuel Moire
62%
Emma Mackey
43%
Vincent Cerutti
23%
Sébastien Bourdais
21%
Geoffroy Plantagenêt
19%
Olivier de Kersauson
15%
Leslie
14%
Denis Bouanga
12%
Manon Houette
8%
Bruno Lochet
7%
Claude Chappe
3%
Rod Janois
2%
Aucun quiz correspondant
Distribution des résultats
% des personnes avec chaque résultat
Percentile par nombre de réponses
Votre historique - résultats
Vous n’avez pas pris ce quiz